01416nam a2200349Ia 4500001001200000003000800012006001900020007001500039008004100054020001800095020002600113020002300139040002100162035002100183050002300204100002500227245011000252260004400362300001100406490004400417504005100461533015200512650003600664650004800700650004100748650004100789655002900830710001700859830004500876856012600921999001901047ebr10218316CaPaEBRm u cr cn|||||||||040831s2005 cau fsb 001 0 eng d z9780761947998 z9781847871459 (ebook) z076194799X (cased) aCaPaEBRcCaPaEBR a(OCoLC)29053725914aHM891b.M37 2005eb1 aMartinelli, Alberto.10aGlobal modernizationh[electronic resource] :brethinking the project of modernity /cAlberto Martinelli. aThousand Oaks ;aLondon :bSAGE,c2005. a158 p.1 aSage studies in international sociology aIncludes bibliographical references and index. aElectronic reproduction.bPalo Alto, Calif. :cebrary,d2009.nAvailable via World Wide Web.nAccess may be limited to ebrary affiliated libraries. 0aProgressxSociological aspects. 0aCivilization, ModernxSociological aspects. 0aGlobalizationxSociological aspects. 0aPostmodernismxSociological aspects. 7aElectronic books.2local2 aebrary, Inc. 0aSage studies in international sociology.40uhttp://site.ebrary.com/lib/rucke/Doc?id=10218316zAn electronic book accessible through the World Wide Web; click to view c129676d129676